zpět

Detail výsledku týmu

Koruna, Břeclav

Datum a čas kvízu

36.5 Celkem bodů Celkový počet nahraných bodů na tomto kvízu bez doplňovacích otázek.
1. Pořadí na kvízu Konečné umístění týmu na tomto kvízu.

Zaznamenané odpovědi

# Otázka Odpověď Body Výsledky
1. Na obrázku vidíte Trojmezí Čes... Trojmezná, Plechý 0.5
2. Přiřaďte tato česká a moravská... 1A 2C 3B 4D 1
3. Ve kterém českém městě bychom... v Ostravě 0
4. V jisté obci v okrese Semily s... Rovensko pod Troskami 0
5. Přiřaďte k satelitním obrysům... 1C, 2D, 3B, 4A 0
6. Níže si můžete přečíst příspěv... Tomáš Řepka 1
7. Mnohé slavné osobnosti se dost... Jiří Voskovec, Jan Werich, Jaroslav Ježek 1
8. Česká republika je známá mnoha... 1B 2A 3D 4C 1
9. Moderní doba přináší moderní p... C) 1
10. K vybraným českým osobnostem p... 1A 2B 3C 4D 1